Guess the US State by Clue - Statistics

General Stats
  • This quiz has been taken 42 times
  • The average score is 8 of 10
Answer Stats
Hint Answer % Correct
This state has so few people. Some wonder-- does it really exist? Wyoming
100%
This state is the farthest south-- THINK CAREFULLY! Hawaii
95%
Though it may look like it, this state is actually not rectangular-- it has 697 sides. Colorado
92%
St. Augustine in this state is the oldest settlement created by the Europeans. Florida
89%
This state has more people than live in Canada. California
87%
This state has a lot of French roots-- especially in its biggest city. Louisiana
87%
This state loves maple syrup. No, it's not in Canada. Vermont
87%
This state has the Peace Arch between Canada and the US at its border. Washington
71%
This state is actually the farthest east. Alaska
68%
This state's oldest university is 233 years old. North Carolina
58%
No matching quizzes found
Score Distribution
Percent of People with Each Score
Percentile by Number Answered
Your Score History
You have not taken this quiz